| 000 | 01263nam a2200289 i 4500 | ||
|---|---|---|---|
| 003 | EG-GICUC | ||
| 005 | 20260128135814.0 | ||
| 008 | 260128s1886 fr ||fr ||| 000 0 fre d | ||
| 040 |
_aEG-GiCUC _bfre _cEG-GiCUC _dEG-GiCUC _eRda |
||
| 041 | 0 | _afre | |
| 082 | 0 | 4 |
_221 _a341.8 _bWE . T |
| 092 | 0 | 4 | _221 |
| 099 | _aLaw1 12 341.8 WE . T 1886 | ||
| 100 | 1 |
_aWeiss, André _eAuteur |
|
| 245 | 1 | 0 |
_aTraite Elementaire De Droit International Privé / _cPar André Weiss. |
| 264 | 1 |
_aParis : _bL. Larose Et Forcel, _c1886. |
|
| 300 |
_a996 page, _c22 cm. |
||
| 336 |
_2rda contenu _a texte |
||
| 337 |
_2rda medias _aOrdinateur |
||
| 338 |
_2 transporteur rda _a Ressource en ligne |
||
| 500 | _aC'est dans la nature qu'est la vraie source de la justice et de la vérité, d'où découlent toutes les lois de la société civile, et, comme l'eau prend la couleur et le goût des diverses couches de terrain à travers lesquelles elle coule, de même les lois civiles different avec les pays et avec les gouvernements, quoiqu'elles (BACON.) aient toutes une source commune | ||
| 546 | _aTexte en français | ||
| 650 | 1 | 4 | _aDroit international privé |
| 856 | 4 | 0 | _uhttps://fll.law.cu.edu.eg/fulltext/bks/B12-02334.pdf |
| 905 | _a48 | ||
| 942 |
_2ddc _cBK _e21 _n0 |
||
| 999 |
_c59945 _d59945 |
||